[Event "Turkish Club Cup 2019"]
[Site "Konya"]
[Date "2019.07.17"]
[Round "2"]
[White "Ergonen, Arda"]
[Black "Ersahin, Bulent"]
[Result "0-1"]
[WhiteElo "1905"]
[BlackElo "2179"]
[Annotator "TA"]
[PlyCount "100"]
[EventDate "2019.07.16"]
[EventType "team-tourn"]
[EventCountry "TUR"]
[SourceTitle "playchess.com"]
[Source "ChessBase"]
[SourceQuality "1"]

{[%evp 20,100,27,0,0,0,8,4,8,8,13,15,39,45,53,55,56,58,51,52,81,70,78,67,81,57,55,97,106,106,129,119,124,0,119,87,90,41,38,41,39,12,75,85,78,77,129,20,76,67,69,28,37,0,0,-12,-10,-12,-9,-12,-12,-13,-13,-12,-22,-64,-31,-353,-339,-263,-36,-156,-160,-154,-154,-153,-161,-158,-149,-149,-144,-29998,-29999]} 1. e4 c5 2. Nf3 Nc6 3. d4 cxd4 4. Nxd4 Nf6 5. Nc3 e5 6. Ndb5 d6 7. Bg5 a6 8. Na3 b5 9. Nd5 Be7 10. Bxf6 Bxf6 11. c4 b4 {B33: Sicilian: Pelikan and Sveshnikov Variations} 12. Nc2 O-O 13. g3 Bg5 {The position is equal.} (13... Be6 14. Bg2 Bxd5 15. cxd5 Nd4 16. O-O Nxc2 17. Qxc2 Bg5 18. h4 Bh6 19. a3 {½-½ (32) Jakovenko,D (2719)-Giri,A (2797) Shenzhen 2019}) 14. Bg2 Qa5 $146 {Threatens to win with ...b3+.} ({Predecessor:} 14... Be6 15. O-O {1-0 (64) Szalanczy,E (2246)-Terbe,J (2193) Budapest 2016}) 15. O-O Be6 16. b3 Qc5 17. Nc7 Ra7 {[%cal Ba8a7,Ba7f7,Bf7f6][%mdl 32]} 18. Nxe6 fxe6 19. Qg4 $1 $36 {[%csl LRe6,LRg5][%mdl 2112] [#] Double Attack. White fights for an advantage.} Raf7 $1 {[%cal Rf7f2]} 20. Qxe6 (20. Qxg5 $6 Rxf2 21. Kh1 (21. Ne3 $2 Rxf1+ 22. Rxf1 h6 $19) 21... Rxc2 $15) 20... Kh8 {[%cal Rf7f2]} 21. Kh1 Rf6 22. Qg4 Bh6 23. Qe2 g6 {[%cal Rf6f2]} 24. f3 Bg5 25. Rad1 Qa5 26. Ra1 (26. Rd3 $16) 26... h5 (26... Qc5 $1 $11 {remains equal.}) 27. h4 Bh6 28. a3 bxa3 29. Rxa3 Qb6 30. Qf2 (30. b4 {keeps more tension.} Nxb4 31. Rb3 a5 32. Nxb4 axb4 33. Rfb1) 30... Rb8 (30... Qxf2 $11 31. Rxf2 a5) 31. Qxb6 $16 Rxb6 32. Rd1 Kg7 ({Black should try} 32... a5) 33. Kg1 (33. g4 $16 {Black must now prevent g5.} g5 34. Ne3 (34. gxh5 gxh4 35. Rd3 Bc1 $14)) 33... Kf7 (33... Nd4 $1 $11 {keeps the balance.} 34. Rxd4 (34. Nxd4 Be3+ 35. Kh2 Bxd4 $11) 34... exd4) 34. Kf2 Ke7 35. Ke2 Rf8 36. Bh3 Rfb8 37. Rd3 Bc1 38. Ra2 Rxb3 39. Rxb3 Rxb3 40. Rxa6 Nd4+ 41. Nxd4 exd4 $11 {[%mdl 4096] Endgame KRB-KRB} 42. Ra7+ Kf6 {[%mdl 1024] Black has compensation.} (42... Kf8 $5 {[%cal Rd4d3]} 43. Kd1 Be3 44. Ra8+ Kg7 45. Ra7+ Kh6 $17) 43. Ra5 $2 {[%mdl 8192] [#]} (43. e5+ $15 dxe5 44. Ra6+ Kg7 45. Ra7+ Kh6 46. Rd7) 43... d3+ $1 $19 44. Ke1 Ba3 $2 (44... Be3 $19 {[%cal Rb3b1]} 45. Ra1 Ke5) 45. Rd5 (45. e5+ $1 $15 dxe5 46. Rd5) 45... Bb4+ $17 46. Kf2 Bc5+ 47. Kg2 Rb2+ 48. Kf1 Rf2+ 49. Ke1 {e5+! is the strong threat.} Rxf3 {And now ...Bb4+ would win.} 50. Bf1 $2 {[%mdl 8192]} (50. e5+ $17 Kf7 51. Kd1 (51. exd6 $2 Bb4+ 52. Kd1 Rxg3 $19) 51... Rxg3 52. Bf1) 50... Bb4+ 0-1

[Event "Turkish Club Cup 2019"]
[Site "Konya"]
[Date "2019.07.17"]
[Round "2"]
[White "Taskiran, Recep"]
[Black "Mecit, Emre"]
[Result "0-1"]
[WhiteElo "1898"]
[BlackElo "2065"]
[Annotator "NA"]
[PlyCount "86"]
[EventDate "2019.07.16"]
[EventType "team-tourn"]
[EventCountry "TUR"]
[SourceTitle "playchess.com"]
[Source "ChessBase"]
[SourceQuality "1"]
[TimeControl "5400+30"]

1. Nf3 {[%emt 0:00:30]} Nf6 {[%emt 0:00:30]} 2. c4 {[%emt 0:00:30]} g6 {[%emt 0:00:00]} 3. g3 {[%emt 0:00:00]} Bg7 {[%emt 0:00:00]} 4. Bg2 {[%emt 0:00:00]} O-O {[%emt 0:00:30]} 5. O-O {[%emt 0:00:00]} c5 {[%emt 0:00:00]} 6. Nc3 {[%emt 0:00:00]} Nc6 {[%emt 0:00:00]} 7. e3 {[%emt 0:02:30]} a6 {[%emt 0:01:30]} 8. d4 {[%emt 0:01:30]} d6 {[%emt 0:00:30]} 9. h3 {[%emt 0:19:30]} Rb8 {[%emt 0:04:30]} 10. Qe2 {[%emt 0:06:30] E65: King's Indian: Fianchetto: 6...c5 7 0-0 without d5 by White} b5 {[%emt 0:13:30]} (10... Nd7 11. Rd1 b5 12. dxc5 Nxc5 13. cxb5 axb5 14. Nd4 Nxd4 15. exd4 Ne6 16. Be3 b4 17. Nd5 Nc7 18. Nxc7 Qxc7 {1-0 (42) Obona,J (2166)-Certek,P (2267) Tatranske Zruby 2014}) 11. Rd1 {[%emt 0:06:30]} Qb6 {[%emt 0:03:30]} 12. Nd5 {[%emt 0:03:30]} Nxd5 {[%emt 0:04:30]} 13. cxd5 {[%emt 0:00:30]} Na5 {[%emt 0:00:30]} 14. dxc5 $146 {[%emt 0:02:30]} ({Predecessor:} 14. b3 Bd7 15. Bb2 c4 16. b4 Nb7 17. Bc3 a5 {1-0 (44) Karner,H-Reviakin,V Kalinkovici 1967}) 14... dxc5 {[%emt 0:00:30]} 15. e4 {[%emt 0:00:30]} Bb7 {[%emt 0:05:30]} 16. Bf4 {[%emt 0:02:30]} Rbc8 {[%emt 0:02:30]} 17. Be5 {[%emt 0:02:30]} (17. Rac1 $16) 17... Rfd8 {[%emt 0:02:30]} 18. h4 {[%emt 0:03:30]} f6 {[%emt 0:11:30]} 19. Bf4 {[%emt 0:02:30]} e5 {[%emt 0:01:30]} 20. Bd2 {[%emt 0:10:30]} Nc4 {[%emt 0:08:30]} 21. Be1 {[%emt 0:02:30]} Nd6 {[%emt 0:01:30]} 22. a4 {[%emt 0:07:30]} b4 {[%emt 0:01:30]} 23. a5 {[%emt 0:00:30]} Qb5 $11 {[%emt 0:00:30]} 24. Qe3 {[%emt 0:04:30]} Bf8 {[%emt 0:11:30]} 25. b3 {[%emt 0:01:30]} Qe8 {[%emt 0:01:30]} 26. Nd2 {[%emt 0:00:30]} Rc7 {[%emt 0:02:30]} 27. Bf1 {[%emt 0:00:36]} f5 {[%emt 0:01:30]} 28. Bc4 {[%emt 0:06:39]} Kh8 {[%emt 0:03:14]} 29. Qe2 {[%emt 0:02:04]} Ra8 {[%emt 0:00:32]} 30. exf5 {[%emt 0:01:17]} Nxf5 {[%emt 0:00:50]} 31. Nf3 {[%emt 0:03:32]} Bg7 {[%emt 0:04:00]} 32. Ng5 {[%emt 0:02:19]} Nd4 {[%emt 0:01:41]} 33. Qf1 {[%emt 0:01:58]} Rd8 {[%emt 0:02:51]} 34. Ra2 {[%emt 0:02:55]} h6 {[%emt 0:01:20]} 35. Ne4 {[%emt 0:00:02]} Rxd5 {[%emt 0:00:07]} 36. Kh2 {[%emt 0:03:07]} Nf3+ {[%emt 0:00:37]} 37. Kg2 {[%emt 0:00:07]} Rxd1 {[%emt 0:00:22]} 38. Kxf3 {[%emt 0:00:02]} Rd4 {[%emt 0:01:25]} 39. Bd3 {[%emt 0:00:06]} Qd7 {[%emt 0:00:20]} 40. Ke3 {[%emt 0:01:37]} Rxe4+ {[%emt 0:01:20]} 41. Bxe4 {[%emt 0:00:30]} Qd4+ {[%emt 0:00:30]} 42. Ke2 {[%emt 0:00:00]} Qxe4+ {[%emt 0:00:00]} 43. Kd1 {[%emt 0:00:00]} Qb1+ {[%emt 0:00:00]} 0-1

[Event "Turkish Club Cup 2019"]
[Site "Konya"]
[Date "2019.07.17"]
[Round "2"]
[White "Oluc, Hakan"]
[Black "Oz, Ozan"]
[Result "1-0"]
[WhiteElo "1881"]
[BlackElo "1923"]
[Annotator "NA"]
[PlyCount "97"]
[EventDate "2019.07.16"]
[EventType "team-tourn"]
[EventCountry "TUR"]
[SourceTitle "playchess.com"]
[Source "ChessBase"]
[SourceQuality "1"]
[TimeControl "5400+30"]

1. c4 {[%emt 0:00:30]} c6 {[%emt 0:04:30]} 2. g3 {[%emt 0:00:00]} d5 {[%emt 0:00:00]} 3. Nf3 {[%emt 0:00:00]} Nf6 {[%emt 0:01:00]} 4. Bg2 {[%emt 0:00:30]} Bf5 {[%emt 0:01:30]} 5. cxd5 {[%emt 0:00:30]} cxd5 {[%emt 0:00:30]} 6. Qb3 {[%emt 0:00:00]} Nc6 {[%emt 0:10:30]} 7. Qxb7 {[%emt 0:00:00]} Bd7 {[%emt 0:05:30]} 8. Qb3 {[%emt 0:00:30]} e5 {[%emt 0:00:30]} 9. O-O {[%emt 0:00:30]} Rb8 {[%emt 0:03:30]} 10. Qd1 {[%emt 0:00:30]} e4 {[%emt 0:05:30]} 11. Ne1 {[%emt 0:00:30]} Bc5 {[%emt 0:02:30]} 12. d3 {[%emt 0:00:30]} Qe7 {[%emt 0:07:30]} 13. dxe4 {[%emt 0:08:30]} dxe4 {[%emt 0:02:30]} 14. Nc3 {[%emt 0:00:30]} e3 {[%emt 0:02:30]} 15. fxe3 {[%emt 0:06:30]} O-O {[%emt 0:02:30]} 16. Rxf6 {[%emt 0:09:30]} gxf6 {[%emt 0:03:30]} 17. Nd5 $18 {[%emt 0:01:30]} Qd6 {[%emt 0:19:30]} 18. Nd3 {[%emt 0:00:30]} Bb6 {[%emt 0:01:30]} 19. Bd2 {[%emt 0:18:30]} Rfe8 {[%emt 0:04:30]} 20. Qf1 {[%emt 0:13:30]} Bd8 {[%emt 0:08:53]} 21. Bc3 {[%emt 0:02:30]} Rb5 {[%emt 0:01:02]} 22. N3f4 {[%emt 0:02:30]} Ne5 {[%emt 0:05:27]} 23. Rd1 {[%emt 0:01:30]} Bc6 {[%emt 0:03:38]} 24. a4 {[%emt 0:09:30]} Rb8 {[%emt 0:00:30]} 25. Nh5 {[%emt 0:00:30]} Bxd5 {[%emt 0:00:30]} 26. Bxd5 {[%emt 0:00:30]} Qe7 {[%emt 0:00:30]} 27. Qf4 {[%emt 0:00:30]} Rb6 {[%emt 0:02:09]} 28. a5 {[%emt 0:15:36]} Ra6 {[%emt 0:00:15]} 29. e4 {[%emt 0:03:23]} Ng6 {[%emt 0:01:31]} 30. Qf5 {[%emt 0:02:02]} Bxa5 {[%emt 0:00:33]} 31. Nxf6+ {[%emt 0:01:23]} Rxf6 {[%emt 0:00:57]} 32. Bxf6 {[%emt 0:00:10]} Qc7 {[%emt 0:00:04]} 33. Kh1 {[%emt 0:02:29]} Bb6 {[%emt 0:00:24]} 34. Bc3 {[%emt 0:00:41]} Qe7 {[%emt 0:00:33]} 35. Rf1 {[%emt 0:00:13]} Rf8 {[%emt 0:00:22]} 36. Qh5 {[%emt 0:00:36]} Bc7 {[%emt 0:00:31]} 37. Bf6 {[%emt 0:00:10]} Qd6 {[%emt 0:00:40]} 38. Qh6 {[%emt 0:00:15]} Qxf6 {[%emt 0:00:38]} 39. Rxf6 {[%emt 0:00:35]} Be5 {[%emt 0:00:00]} 40. Rxg6+ {[%emt 0:01:05]} hxg6 {[%emt 0:00:22]} 41. Qxg6+ {[%emt 0:00:30]} Bg7 {[%emt 0:00:00]} 42. h4 {[%emt 0:00:00]} a5 {[%emt 0:00:22]} 43. h5 {[%emt 0:00:00]} Kh8 {[%emt 0:00:01]} 44. Bxf7 {[%emt 0:00:00]} a4 {[%emt 0:00:14]} 45. e5 {[%emt 0:01:00]} a3 {[%emt 0:00:12]} 46. bxa3 {[%emt 0:00:26]} Rd8 {[%emt 0:00:24]} 47. Bb3 {[%emt 0:01:24]} Rc8 {[%emt 0:00:17]} 48. Bc2 {[%emt 0:00:27]} Kg8 {[%emt 0:00:30]} 49. Qe6+ {[%emt 0:00:10]} 1-0

[Event "Turkish Club Cup 2019"]
[Site "Konya"]
[Date "2019.07.17"]
[Round "2"]
[White "Gulenc, Ahmet Fazil"]
[Black "Guner, Bulent"]
[Result "1/2-1/2"]
[WhiteElo "1880"]
[BlackElo "1979"]
[Annotator "NA"]
[PlyCount "143"]
[EventDate "2019.07.16"]
[EventType "team-tourn"]
[EventCountry "TUR"]
[SourceTitle "playchess.com"]
[Source "ChessBase"]
[SourceQuality "1"]
[TimeControl "5400+30"]

1. d4 {[%emt 0:00:30]} Nf6 {[%emt 0:00:30]} 2. c4 {[%emt 0:00:00]} c5 {[%emt 0:01:30]} 3. d5 {[%emt 0:00:00]} b5 {[%emt 0:00:30]} 4. cxb5 {[%emt 0:00:00]} a6 {[%emt 0:00:00]} 5. e3 {[%emt 0:00:00]} axb5 {[%emt 0:01:00]} 6. Bxb5 {[%emt 0:01:30]} Qa5+ {[%emt 0:00:00]} 7. Nc3 {[%emt 0:00:30]} Bb7 {[%emt 0:00:00]} 8. Bd2 {[%emt 0:02:30]} Qb6 {[%emt 0:00:30]} 9. Bc4 {[%emt 0:00:00]} e6 {[%emt 0:01:30]} 10. dxe6 {[%emt 0:07:00] A57: Benko/Volga Gambit} (10. e4 Nxe4 11. dxe6 dxe6 12. Bb5+ Bc6 13. Bxc6+ Qxc6 14. Nf3 Nxd2 15. Qxd2 Be7 16. O-O O-O 17. Rad1 Bf6 18. Rfe1 Qb6 {½-½ (49) Aronian,L (2786)-Bareev,E (2634) Moscow 2009}) 10... fxe6 $146 {[%emt 0:04:30]} ({Predecessor:} 10... Bxg2 11. exf7+ Kd8 12. f3 Bxh1 13. Kf2 Qd6 14. e4 Qxh2+ 15. Ke3 Nc6 16. Nd5 Nxd5+ 17. Bxd5 c4 18. Bxc4 {0-1 (28) Coursaget,N (2327)-Volodin,A (2422) Agneaux 2010}) 11. Nf3 {[%emt 0:00:30]} Be7 {[%emt 0:01:30]} 12. O-O {[%emt 0:00:30]} O-O {[%emt 0:00:30]} 13. Be2 {[%emt 0:04:30]} Nc6 {[%emt 0:06:30]} 14. b3 {[%emt 0:05:30]} Rfb8 {[%emt 0:09:30]} 15. Na4 {[%emt 0:05:30]} Qa7 {[%emt 0:04:30]} 16. Bc3 {[%emt 0:01:30]} d5 {[%emt 0:08:30]} 17. Rc1 {[%emt 0:00:30]} Ne4 {[%emt 0:14:30]} 18. Ba1 {[%emt 0:04:30]} Ba6 {[%emt 0:02:30]} 19. Bxa6 {[%emt 0:01:30]} Qxa6 {[%emt 0:00:30]} 20. Nd2 {[%emt 0:00:30]} Nxd2 {[%emt 0:02:30]} 21. Qxd2 {[%emt 0:00:30]} c4 {[%emt 0:01:30]} 22. bxc4 {[%emt 0:00:30]} d4 {[%emt 0:05:30]} 23. Nb2 {[%emt 0:00:30]} Qxa2 {[%emt 0:14:18]} 24. exd4 {[%emt 0:04:30]} Bf6 {[%emt 0:00:34]} 25. d5 $17 {[%emt 0:00:30]} (25. Qe3 $11 Nxd4 26. Na4) 25... Bxb2 {[%emt 0:01:10]} 26. Bxb2 {[%emt 0:00:30]} Rxb2 {[%emt 0:02:25]} 27. Qe3 {[%emt 0:01:30]} Nd8 {[%emt 0:09:42]} 28. Rfe1 {[%emt 0:01:30]} Rb7 {[%emt 0:02:44]} 29. dxe6 {[%emt 0:01:30]} Re7 {[%emt 0:00:26]} 30. Qc5 {[%emt 0:00:30]} Qa7 {[%emt 0:00:28]} 31. Qd5 {[%emt 0:00:30]} Rc8 {[%emt 0:01:09]} 32. c5 {[%emt 0:00:30]} Nc6 {[%emt 0:01:11]} 33. Rcd1 {[%emt 0:00:30]} Qc7 {[%emt 0:01:05]} 34. Qd6 {[%emt 0:00:30]} h6 {[%emt 0:00:09]} 35. h3 {[%emt 0:00:30]} Nb4 {[%emt 0:00:48]} 36. Re4 {[%emt 0:02:30]} Nc6 {[%emt 0:00:55]} 37. Rd5 {[%emt 0:01:30]} Kh7 {[%emt 0:01:13]} 38. Rf5 {[%emt 0:01:30]} Rd8 {[%emt 0:00:56]} 39. Rd5 {[%emt 0:01:30]} Rxd6 {[%emt 0:01:20]} 40. cxd6 {[%emt 0:00:30]} Qb7 {[%emt 0:00:52]} 41. dxe7 {[%emt 0:00:00]} Nxe7 {[%emt 0:00:34]} 42. Rdd4 {[%emt 0:00:00]} Qc7 {[%emt 0:00:08]} 43. Re1 {[%emt 0:00:30]} Qc3 {[%emt 0:00:40]} 44. Rdd1 {[%emt 0:00:00]} Kg6 {[%emt 0:00:24]} 45. Re3 {[%emt 0:00:00]} Qc2 {[%emt 0:00:12]} 46. Rd7 {[%emt 0:00:00]} Qc5 {[%emt 0:00:06]} 47. Rf3 {[%emt 0:01:00]} Nf5 {[%emt 0:00:21]} 48. g4 {[%emt 0:00:30]} Nd4 {[%emt 0:00:15]} 49. Re3 {[%emt 0:00:30]} Qc1+ {[%emt 0:01:23]} 50. Kh2 {[%emt 0:00:00]} Qf1 {[%emt 0:00:32]} 51. Rf7 {[%emt 0:00:00]} Nxe6 {[%emt 0:00:35]} 52. Rf5 {[%emt 0:00:30]} Nd4 {[%emt 0:00:00]} 53. Rf4 {[%emt 0:00:30]} Ne2 {[%emt 0:00:30]} 54. Rxe2 {[%emt 0:00:30]} Qxe2 {[%emt 0:00:30]} 55. Kg2 {[%emt 0:00:30]} Qe5 {[%emt 0:00:30]} 56. Rf5 {[%emt 0:00:30]} Qe4+ {[%emt 0:00:30]} 57. Kg3 {[%emt 0:00:30]} Qh1 {[%emt 0:00:30]} 58. h4 {[%emt 0:00:30]} Qg1+ {[%emt 0:00:30]} 59. Kf3 {[%emt 0:00:30]} Qd1+ {[%emt 0:00:30]} 60. Kg3 {[%emt 0:00:30]} Qd6+ {[%emt 0:00:30]} 61. Kh3 {[%emt 0:00:30]} Kh7 {[%emt 0:00:30]} 62. h5 {[%emt 0:00:30]} g6 {[%emt 0:00:30]} 63. hxg6+ {[%emt 0:00:30]} Kxg6 {[%emt 0:00:30]} 64. f3 {[%emt 0:00:30]} Qd2 {[%emt 0:00:30]} 65. Kg3 {[%emt 0:00:30]} Qe1+ {[%emt 0:00:30]} 66. Kg2 {[%emt 0:00:30]} Qe2+ {[%emt 0:00:30]} 67. Kg3 {[%emt 0:00:30]} Qf1 {[%emt 0:00:30]} 68. Rh5 {[%emt 0:00:30]} Qg1+ {[%emt 0:00:30]} 69. Kf4 {[%emt 0:00:30]} Qf2 {[%emt 0:00:30]} 70. Rf5 {[%emt 0:00:30]} Qh2+ {[%emt 0:00:30]} 71. Ke3 {[%emt 0:00:30]} Qg3 {[%emt 0:00:30]} 72. Ke2 {[%emt 0:00:00]} 1/2-1/2

[Event "Turkish Club Cup 2019"]
[Site "Konya"]
[Date "2019.07.17"]
[Round "2"]
[White "Atas, Yunus"]
[Black "Bozdemir, Yusuf"]
[Result "1-0"]
[WhiteElo "1876"]
[BlackElo "1637"]
[Annotator "NA"]
[PlyCount "149"]
[EventDate "2019.07.16"]
[EventType "team-tourn"]
[EventCountry "TUR"]
[SourceTitle "playchess.com"]
[Source "ChessBase"]
[SourceQuality "1"]
[TimeControl "5400+30"]

1. d4 {[%emt 0:00:30]} d5 {[%emt 0:00:30]} 2. Bf4 {[%emt 0:00:30]} Nf6 {[%emt 0:00:30]} 3. e3 {[%emt 0:00:00]} c5 {[%emt 0:04:30]} 4. c3 {[%emt 0:00:00]} Nc6 {[%emt 0:01:30]} 5. Nf3 {[%emt 0:00:30]} Qb6 {[%emt 0:00:00]} 6. Qb3 {[%emt 0:00:00]} c4 {[%emt 0:00:00]} 7. Qc2 {[%emt 0:00:00]} Bf5 {[%emt 0:01:30]} 8. Qc1 {[%emt 0:00:00]} e6 {[%emt 0:00:30]} 9. Nbd2 {[%emt 0:00:00]} h6 {[%emt 0:00:30] D02: 1 d4 d5 2 Nf3 sidelines, including 2...Nf6 3 g3 and 2...Nf6 3 Bf4} (9... Qd8 10. h3 h6 11. Be2 Be7 12. O-O O-O 13. Bd1 b5 14. Bc2 Bxc2 15. Qxc2 Bd6 16. Bxd6 Qxd6 17. e4 dxe4 18. Nxe4 Nxe4 19. Qxe4 Qd5 20. Qxd5 exd5 {1-0 (51) Nisipeanu,L (2674)-Parligras,M (2645) Bucharest 2018}) 10. h3 {[%emt 0:01:30]} Ne4 {[%emt 0:11:30]} 11. Nxe4 {[%emt 0:03:30]} Bxe4 {[%emt 0:00:30]} 12. Nd2 {[%emt 0:00:00]} Bh7 {[%emt 0:01:30]} 13. Be2 $146 {[%emt 0:00:00]} ({Predecessor:} 13. e4 Bxe4 14. Nxe4 dxe4 15. Bxc4 Rc8 16. O-O Na5 17. Be2 {0-1 (42) Barva,A (2225)-Dupsky,L (2305) Paks 1994}) 13... Qd8 {[%emt 0:01:30]} 14. b3 {[%emt 0:03:30]} b5 {[%emt 0:00:30]} 15. O-O {[%emt 0:00:30]} Be7 {[%emt 0:01:30]} 16. a4 {[%emt 0:01:30]} a6 {[%emt 0:01:30]} 17. Qb2 {[%emt 0:07:30]} O-O {[%emt 0:02:30]} 18. axb5 {[%emt 0:00:30]} axb5 {[%emt 0:00:30]} 19. Rxa8 {[%emt 0:00:30]} Qxa8 {[%emt 0:00:30]} 20. Ra1 {[%emt 0:00:30]} Qc8 {[%emt 0:02:30]} 21. bxc4 {[%emt 0:02:30]} bxc4 {[%emt 0:00:30]} 22. Bf3 {[%emt 0:00:30]} Rd8 {[%emt 0:02:30]} 23. Qb5 {[%emt 0:00:30]} Qd7 {[%emt 0:05:30]} 24. Qb6 {[%emt 0:08:30]} Bd3 {[%emt 0:04:30]} 25. e4 {[%emt 0:02:30]} Bg5 {[%emt 0:09:30]} 26. Bxg5 {[%emt 0:03:30]} hxg5 {[%emt 0:00:30]} 27. Ra6 $14 {[%emt 0:02:30]} (27. Qc5 $16) 27... Rc8 {[%emt 0:06:30]} 28. Qb5 {[%emt 0:06:30]} dxe4 {[%emt 0:17:30]} 29. Bxe4 {[%emt 0:03:30]} Nb8 {[%emt 0:01:30]} 30. Qxd7 {[%emt 0:03:30]} Nxd7 {[%emt 0:00:00]} 31. Bxd3 {[%emt 0:03:30]} cxd3 {[%emt 0:02:00]} 32. c4 {[%emt 0:00:00]} Rd8 {[%emt 0:12:10]} 33. Rd6 {[%emt 0:04:00]} Kf8 {[%emt 0:00:45]} 34. f3 {[%emt 0:04:30]} Ke7 {[%emt 0:00:53]} 35. c5 {[%emt 0:00:30]} e5 {[%emt 0:02:34]} 36. dxe5 {[%emt 0:01:30]} Nxc5 {[%emt 0:00:50]} 37. Rxd8 {[%emt 0:00:30]} Kxd8 {[%emt 0:00:11]} 38. Kf2 {[%emt 0:00:00]} Kd7 {[%emt 0:00:48]} 39. Ke3 {[%emt 0:01:00]} Ke6 {[%emt 0:00:25]} 40. Kd4 {[%emt 0:02:30]} Nd7 {[%emt 0:00:24]} 41. Kxd3 {[%emt 0:00:30]} Nxe5+ {[%emt 0:00:30]} 42. Ke3 {[%emt 0:00:30]} f5 {[%emt 0:00:30]} 43. Nb3 {[%emt 0:00:30]} Nc4+ {[%emt 0:00:30]} 44. Kd4 {[%emt 0:00:30]} Ne5 {[%emt 0:00:30]} 45. Nc5+ {[%emt 0:00:30]} Kf6 {[%emt 0:00:30]} 46. Ke3 {[%emt 0:00:30]} Nc4+ {[%emt 0:00:30]} 47. Ke2 {[%emt 0:00:30]} Ne5 {[%emt 0:00:30]} 48. g3 {[%emt 0:06:30]} Nc6 {[%emt 0:03:24]} 49. Ke3 {[%emt 0:00:30]} Ne5 {[%emt 0:00:27]} 50. Nd3 {[%emt 0:04:30]} Nc4+ {[%emt 0:01:00]} 51. Kd4 {[%emt 0:00:30]} Nd6 {[%emt 0:01:45]} 52. Kc5 {[%emt 0:03:30]} Nf7 {[%emt 0:00:23]} 53. Kd5 {[%emt 0:00:30]} Nh6 {[%emt 0:00:24]} 54. Ne5 {[%emt 0:00:30]} g4 {[%emt 0:01:04]} 55. fxg4 {[%emt 0:02:30]} fxg4 {[%emt 0:00:05]} 56. h4 {[%emt 0:02:30]} Kf5 {[%emt 0:00:10]} 57. Nc4 {[%emt 0:01:52]} Kf6 {[%emt 0:00:26]} 58. Ke4 {[%emt 0:00:27]} Nf7 {[%emt 0:01:12]} 59. Ne3 {[%emt 0:02:37]} Ne5 {[%emt 0:00:35]} 60. Kf4 {[%emt 0:00:48]} Nf7 {[%emt 0:01:07]} 61. Nxg4+ {[%emt 0:00:07]} Ke6 {[%emt 0:00:20]} 62. h5 {[%emt 0:05:26]} Nd6 {[%emt 0:00:29]} 63. Ne3 {[%emt 0:00:45]} Kf6 {[%emt 0:00:31]} 64. g4 {[%emt 0:00:38]} Nf7 {[%emt 0:00:38]} 65. Nd5+ {[%emt 0:00:31]} Ke6 {[%emt 0:00:11]} 66. Nc7+ {[%emt 0:00:07]} Kf6 {[%emt 0:00:15]} 67. Ne8+ {[%emt 0:00:06]} Ke7 {[%emt 0:00:40]} 68. Nxg7 {[%emt 0:00:05]} Kf8 {[%emt 0:00:01]} 69. Nf5 {[%emt 0:00:20]} Kg8 {[%emt 0:00:21]} 70. g5 {[%emt 0:00:16]} Kh8 {[%emt 0:00:27]} 71. g6 {[%emt 0:00:07]} Nd8 {[%emt 0:00:35]} 72. Ke5 {[%emt 0:00:22]} Nc6+ {[%emt 0:00:29]} 73. Kf6 {[%emt 0:00:07]} Nd8 {[%emt 0:00:50]} 74. g7+ {[%emt 0:01:35]} Kh7 {[%emt 0:00:39]} 75. Ne7 {[%emt 0:00:05]} 1-0

[Event "Turkish Club Cup 2019"]
[Site "Konya"]
[Date "2019.07.17"]
[Round "2"]
[White "Subasi, Cagrican"]
[Black "Yildiz, Tunahan"]
[Result "1-0"]
[WhiteElo "1871"]
[BlackElo "1719"]
[Annotator "NA"]
[PlyCount "100"]
[EventDate "2019.07.16"]
[EventType "team-tourn"]
[EventCountry "TUR"]
[SourceTitle "playchess.com"]
[Source "ChessBase"]
[SourceQuality "1"]
[TimeControl "5400+30"]

1. d4 Nf6 2. c4 e6 3. Nc3 Bb4 4. e3 b6 5. Nge2 Ba6 {[%emt 0:10:30]} 6. a3 {[%emt 0:01:00]} Bxc3+ {[%emt 0:01:30]} 7. Nxc3 {[%emt 0:00:30]} d5 {[%emt 0:00:00]} 8. Bd2 {[%emt 0:13:30]} dxc4 {[%emt 0:31:00]} 9. Be2 {[%emt 0:01:30]} O-O {[%emt 0:08:30]} 10. O-O {[%emt 0:01:30]} Qd7 {[%emt 0:03:30]} 11. Rc1 {[%emt 0:08:30]} Bb7 {[%emt 0:08:30]} 12. Re1 {[%emt 0:03:30]} Rd8 {[%emt 0:03:30]} 13. Qc2 {[%emt 0:29:30]} c5 {[%emt 0:16:46]} 14. dxc5 {[%emt 0:06:30]} Na6 {[%emt 0:00:05]} 15. c6 {[%emt 0:05:30]} Qxc6 {[%emt 0:01:50]} 16. Bf3 {[%emt 0:00:30]} Qd7 {[%emt 0:00:07]} 17. Bxb7 {[%emt 0:08:45]} Qxb7 {[%emt 0:00:34]} 18. Nb1 {[%emt 0:00:19]} Nc5 {[%emt 0:00:59]} 19. Re2 {[%emt 0:03:07]} Nb3 {[%emt 0:03:07]} 20. Rf1 {[%emt 0:00:30]} Qe4 {[%emt 0:00:16]} 21. Bc3 {[%emt 0:01:27]} Qxc2 {[%emt 0:03:44]} 22. Rxc2 {[%emt 0:00:30]} Ne4 {[%emt 0:00:30]} 23. a4 {[%emt 0:00:30]} Nxc3 {[%emt 0:02:14]} 24. Rxc3 {[%emt 0:00:09]} Rac8 {[%emt 0:02:27]} 25. Na3 {[%emt 0:00:16]} Nd2 {[%emt 0:00:28]} 26. Re1 {[%emt 0:00:59]} Rd3 {[%emt 0:00:26]} 27. Rc2 {[%emt 0:02:15]} a6 {[%emt 0:01:14]} 28. f3 {[%emt 0:00:36]} Rc5 {[%emt 0:00:38]} 29. Re2 {[%emt 0:01:04]} Nb3 {[%emt 0:00:58]} 30. Nxc4 {[%emt 0:00:51]} Rd1+ {[%emt 0:00:43]} 31. Kf2 {[%emt 0:00:10]} Rc1 {[%emt 0:00:07]} 32. Rxc1 {[%emt 0:01:05]} Nxc1 {[%emt 0:00:34]} 33. Rd2 {[%emt 0:00:03]} h6 {[%emt 0:00:16]} 34. Nxb6 {[%emt 0:00:19]} Nb3 {[%emt 0:00:34]} 35. Rd8+ {[%emt 0:08:31]} Kh7 {[%emt 0:00:01]} 36. Rb8 {[%emt 0:01:14]} Rc2+ {[%emt 0:00:41]} 37. Kg3 {[%emt 0:00:02]} Rxb2 {[%emt 0:00:27]} 38. Nd7 {[%emt 0:00:07]} Rb1 {[%emt 0:01:33]} 39. Nf8+ {[%emt 0:00:14]} Kg8 {[%emt 0:00:31]} 40. Nxe6+ {[%emt 0:00:30]} Kh7 {[%emt 0:00:30]} 41. Nc5 {[%emt 0:00:00]} Nd2 {[%emt 0:00:00]} 42. Rxb1 {[%emt 0:00:08]} Nxb1 {[%emt 0:00:00]} 43. Nxa6 {[%emt 0:00:00]} Nc3 {[%emt 0:00:29]} 44. Nc5 {[%emt 0:00:00]} Kg6 {[%emt 0:00:35]} 45. a5 {[%emt 0:00:09]} Kf5 {[%emt 0:00:00]} 46. a6 {[%emt 0:01:25]} Nb5 {[%emt 0:00:00]} 47. Nb3 {[%emt 0:00:25]} Ke5 {[%emt 0:00:10]} 48. Nd4 {[%emt 0:00:04]} Na7 {[%emt 0:00:13]} 49. h4 {[%emt 0:01:09]} h5 {[%emt 0:00:44]} 50. Kf2 {[%emt 0:00:08]} Kd5 {[%emt 0:00:32]} 1-0